000
00332nam a2200133Ia 4500
005
20250603144904.0
008
250603s9999 xx 000 0 und d
050
_a
HB 615 .I34/
100
_a
Ifegwu, E. C. ( et al)
245
0
_a
Entrepreneurship development: a practical guide
260
_c
2008
300
_a
34 p
942
_c
BK
999
_c
40251
_d
40251